[Event "Titled Tuesday intern op 19th Sep Early"]
[Site "Chess.com INT"]
[Date "2023.09.19"]
[Round "9"]
[White "Chemin, Vitorio"]
[Black "Nithyalakshmi, Sivanesan"]
[Result "0-1"]
[WhiteElo "2150"]
[BlackElo "1889"]
[PlyCount "92"]
[EventDate "2023.09.19"]
[EventType "swiss (blitz)"]
[EventRounds "11"]
[EventCountry "USA"]
[SourceTitle "EXT 2024"]
[Source "ChessBase"]
[SourceDate "2023.10.10"]
[SourceVersion "1"]
[SourceVersionDate "2023.10.10"]
[SourceQuality "1"]

1. Nf3 Nf6 2. d4 d5 3. c4 g6 4. cxd5 Bg7 5. Nc3 Nxd5 6. Qb3 Nxc3 7. bxc3 0-0 8. Ba3 b6 9. e4 Be6 10. d5 Bg4 11. Be2 c5 12. 0-0 Nd7 13. Rad1 Qc7 14. c4 Ne5 15. Bb2 Nxf3+ 16. Bxf3 Bxf3 17. gxf3 Bxb2 18. Qxb2 Qf4 19. Qe2 f5 20. Qe3 Qxe3 21. fxe3 fxe4 22. fxe4 Rxf1+ 23. Rxf1 Rf8 24. Rxf8+ Kxf8 25. Kf2 Kf7 26. e5 e6 27. d6 g5 28. a4 h6 29. Kg3 h5 30. Kf3 Ke8 31. Ke4 Kd7 32. Kd3 Kc6 33. Ke4 a6 34. Kd3 Kd7 35. Ke4 Kc6 36. Kd3 b5 37. cxb5+ axb5 38. axb5+ Kd7 39. Kc4 g4 40. b6 Kc6 41. b7 Kxb7 42. Kxc5 h4 43. Kd4 g3 44. hxg3 hxg3 45. d7 Kc7 46. Ke4 g2 0-1

[Event "Titled Tuesday intern op 19th Sep Early"]
[Site "Chess.com INT"]
[Date "2023.09.19"]
[Round "4"]
[White "Nithyalakshmi, Sivanesan"]
[Black "Ferrufino, Boris"]
[Result "1-0"]
[WhiteElo "1889"]
[BlackElo "1868"]
[PlyCount "137"]
[EventDate "2023.09.19"]
[EventType "swiss (blitz)"]
[EventRounds "11"]
[EventCountry "USA"]
[SourceTitle "EXT 2024"]
[Source "ChessBase"]
[SourceDate "2023.10.10"]
[SourceVersion "1"]
[SourceVersionDate "2023.10.10"]
[SourceQuality "1"]

1. e4 c5 2. Nc3 Nc6 3. f4 d6 4. Nf3 g6 5. Bc4 Bg7 6. d3 e6 7. 0-0 Nge7 8. Qe1 Nd4 9. Rf2 Nxf3+ 10. Rxf3 0-0 11. f5 exf5 12. Qh4 Be6 13. Bg5 Re8 14. Nd5 Bxd5 15. Bxd5 Qd7 16. Bb3 Nc6 17. Rh3 h5 18. Bf6 fxe4 19. dxe4 Qg4 20. Rf1 Qxh4 21. Rxh4 Nd4 22. Bd5 Rab8 23. Bxg7 Kxg7 24. Rxf7+ Kh6 25. c3 Kg5 26. Rh3 Nc6 27. Rg3+ Kh6 28. Rf6 Ne5 29. Rxd6 Rbd8 30. Rxd8 Rxd8 31. h3 b5 32. Re3 c4 33. Kf2 a5 34. Ke2 b4 35. Kd2 Rb8 36. Kc2 a4 37. cxb4 Rxb4 38. a3 Rb8 39. Rc3 Rf8 40. Bxc4 Rf2+ 41. Kb1 Rxg2 42. Bb5 Rg1+ 43. Ka2 Re1 44. Bxa4 Rxe4 45. Bc2 Rh4 46. b4 g5 47. b5 g4 48. hxg4 hxg4 49. Be4 g3 50. Ba8 Rc4 51. Rxc4 Nxc4 52. Kb3 Nb6 53. Be4 Kg5 54. a4 Kf4 55. Bg2 Ke3 56. a5 Nc8 57. b6 Kf2 58. Bd5 Ne7 59. Be4 Nf5 60. b7 Nd4+ 61. Kc4 Nf3 62. Bxf3 Kxf3 63. b8Q g2 64. Qf8+ Ke2 65. Qe7+ Kf2 66. Qf6+ Ke1 67. Qg5 Kf1 68. Qxg2+ Kxg2 69. a6 1-0

[Event "Titled Tuesday intern op 19th Sep Early"]
[Site "Chess.com INT"]
[Date "2023.09.19"]
[Round "7"]
[White "Wagner, Dennis"]
[Black "Nithyalakshmi, Sivanesan"]
[Result "1-0"]
[WhiteElo "2589"]
[BlackElo "1889"]
[PlyCount "51"]
[EventDate "2023.09.19"]
[EventType "swiss (blitz)"]
[EventRounds "11"]
[EventCountry "USA"]
[SourceTitle "EXT 2024"]
[Source "ChessBase"]
[SourceDate "2023.10.10"]
[SourceVersion "1"]
[SourceVersionDate "2023.10.10"]
[SourceQuality "1"]

1. d4 Nf6 2. Nf3 d5 3. c4 g6 4. cxd5 Bg7 5. h3 0-0 6. a3 Re8 7. e3 Nxd5 8. e4 Nb6 9. Nc3 Nc6 10. Be3 e5 11. d5 Nd4 12. Nxd4 exd4 13. Bxd4 f5 14. Bxg7 Kxg7 15. Qd4+ Qf6 16. Qxf6+ Kxf6 17. f3 fxe4 18. fxe4 Bf5 19. Bb5 Re7 20. 0-0 c6 21. dxc6 bxc6 22. Be2 Rd8 23. exf5 Rd2 24. fxg6+ Kxg6 25. Rf2 Rxb2 26. Bd3+ 1-0

[Event "Titled Tuesday intern op 15th Aug Early"]
[Site "Chess.com INT"]
[Date "2023.08.15"]
[Round "9"]
[White "Nithyalakshmi, Sivanesan"]
[Black "Johnson, Ben"]
[Result "1-0"]
[WhiteElo "1889"]
[BlackElo "1961"]
[PlyCount "49"]
[EventDate "2023.08.15"]
[EventType "swiss (blitz)"]
[EventRounds "11"]
[EventCountry "USA"]
[SourceTitle "EXT 2024"]
[Source "ChessBase"]
[SourceDate "2023.10.10"]
[SourceVersion "1"]
[SourceVersionDate "2023.10.10"]
[SourceQuality "1"]

1. e4 c5 2. Nc3 Nc6 3. Bb5 Nd4 4. Nf3 a6 5. Bd3 Nc6 6. 0-0 d6 7. b3 Nf6 8. Bb2 e5 9. h3 g6 10. Ne2 Bg7 11. Nh2 Nb4 12. Bc4 b5 13. a3 Nc6 14. Bd5 Nxd5 15. exd5 Nd4 16. Nxd4 cxd4 17. a4 Bb7 18. c4 0-0 19. d3 f5 20. Nf3 bxa4 21. Rxa4 Qb6 22. Qd2 Qxb3 23. Rb4 Qa2 24. Rxb7 Rfb8 25. Qb4 1-0

[Event "Titled Tuesday intern op 01st Aug Early"]
[Site "Chess.com INT"]
[Date "2023.08.01"]
[Round "8"]
[White "Nithyalakshmi, Sivanesan"]
[Black "D'Arruda, Ricardo D"]
[Result "0-1"]
[WhiteElo "1889"]
[BlackElo "2271"]
[PlyCount "88"]
[EventDate "2023.08.01"]
[EventType "swiss (blitz)"]
[EventRounds "11"]
[EventCountry "USA"]
[SourceTitle "EXT 2024"]
[Source "ChessBase"]
[SourceDate "2023.10.10"]
[SourceVersion "1"]
[SourceVersionDate "2023.10.10"]
[SourceQuality "1"]

1. e4 c5 2. Nc3 e6 3. f4 d6 4. Nf3 Nf6 5. Bc4 Be7 6. d3 0-0 7. 0-0 d5 8. Bb3 Nc6 9. Qe1 c4 10. dxc4 dxc4 11. Bxc4 Nd4 12. Bd3 Nxf3+ 13. Rxf3 Bd7 14. Kh1 Bc6 15. Rh3 e5 16. fxe5 Nd7 17. Bf4 Bg5 18. Qg3 Bxf4 19. Qxf4 Qc7 20. Qh4 h6 21. e6 fxe6 22. Rg3 Qf4 23. Qe7 Qf6 24. Qd6 Ne5 25. h3 Rad8 26. Qc7 Rd7 27. Qa5 b6 28. Qa3 Qh4 29. Kh2 Rf2 30. Nd1 Rf6 31. Qc3 Qf4 32. Ne3 Rg6 33. Nf1 Rxg3 34. Nxg3 Rf7 35. Rf1 Qg5 36. Rxf7 Kxf7 37. Qd4 Qf4 38. Qd8 h5 39. h4 Ng4+ 40. Kh3 Nf6 41. e5 Qg4+ 42. Kh2 Qxh4+ 43. Kg1 Qxg3 44. exf6 Qxg2# 0-1

[Event "Titled Tuesday intern op 18th Jul Early"]
[Site "Chess.com INT"]
[Date "2023.07.18"]
[Round "8"]
[White "Nithyalakshmi, Sivanesan"]
[Black "Vila Dupla, Aurelio"]
[Result "0-1"]
[WhiteElo "1889"]
[BlackElo "2030"]
[PlyCount "118"]
[EventDate "2023.07.18"]
[EventType "swiss (blitz)"]
[EventRounds "11"]
[EventCountry "USA"]
[SourceTitle "EXT 2024"]
[Source "ChessBase"]
[SourceDate "2023.10.10"]
[SourceVersion "1"]
[SourceVersionDate "2023.10.10"]
[SourceQuality "1"]

1. e4 c5 2. Nc3 d6 3. f4 g6 4. Nf3 Bg7 5. Bc4 Nc6 6. 0-0 e6 7. d3 Nge7 8. d4 Nxd4 9. Nxd4 cxd4 10. Ne2 0-0 11. Kh1 d5 12. Bd3 dxe4 13. Bxe4 Qb6 14. Bd2 Bd7 15. Nc1 Bc6 16. Bxc6 Nxc6 17. Nd3 Rad8 18. Qf3 Rd5 19. Rae1 Rfd8 20. Qh3 Rh5 21. Qf3 Qa6 22. a3 Qc4 23. Rc1 Qd5 24. Qf2 a5 25. Kg1 Rf5 26. g4 Rf6 27. f5 h6 28. Qh4 g5 29. Qf2 exf5 30. gxf5 Ne7 31. b4 Nxf5 32. Qg2 Qxg2+ 33. Kxg2 Nh4+ 34. Kg3 Rxf1 35. Rxf1 Rc8 36. Rc1 axb4 37. Bxb4 f5 38. Kf2 Kh7 39. a4 Kg6 40. a5 h5 41. Nc5 Rc7 42. Nd3 Rc4 43. Rb1 Rxc2+ 44. Ke1 Rxh2 45. Bc5 Rh1+ 46. Kd2 Rxb1 47. Kc2 Ra1 48. Bb6 Ra2+ 49. Kb3 Rg2 50. Kc4 f4 51. Kd5 f3 52. Ke4 f2 53. Nxf2 Rxf2 54. Bd8 Re2+ 55. Kd3 Re3+ 56. Kc4 Ra3 57. a6 Rxa6 58. Bc7 Rc6+ 59. Kd5 Rxc7 0-1

[Event "Titled Tuesday intern op 18th Jul Early"]
[Site "Chess.com INT"]
[Date "2023.07.18"]
[Round "9"]
[White "Souza, Gustavo Horokoski"]
[Black "Nithyalakshmi, Sivanesan"]
[Result "0-1"]
[WhiteElo "1953"]
[BlackElo "1889"]
[PlyCount "118"]
[EventDate "2023.07.18"]
[EventType "swiss (blitz)"]
[EventRounds "11"]
[EventCountry "USA"]
[SourceTitle "EXT 2024"]
[Source "ChessBase"]
[SourceDate "2023.10.10"]
[SourceVersion "1"]
[SourceVersionDate "2023.10.10"]
[SourceQuality "1"]

1. d4 Nf6 2. c4 c5 3. d5 b5 4. cxb5 a6 5. bxa6 Bxa6 6. Nc3 d6 7. e4 Bxf1 8. Kxf1 g6 9. g3 Bg7 10. Kg2 0-0 11. Nf3 Nbd7 12. a4 Qb6 13. Qe2 Rfb8 14. Bd2 Qa6 15. Nb5 Ng4 16. h3 Nge5 17. Nxe5 Bxe5 18. f4 Bxb2 19. Ra2 Bg7 20. Bc3 Qc8 21. Bxg7 Kxg7 22. Rha1 Ra5 23. Qd3 Rba8 24. Nc3 Nb6 25. h4 Qd7 26. Qc2 f5 27. exf5 Qxf5 28. Qxf5 gxf5 29. Rb1 Nxa4 30. Rba1 Nxc3 31. Rxa5 Rxa5 32. Rxa5 Nxd5 33. Ra7 Kf6 34. Kf3 c4 35. Ra8 Nc3 36. Ke3 d5 37. Kd4 Ne2+ 38. Kxd5 c3 39. Rc8 Kg6 40. Ke5 e6 41. Kxe6 c2 42. h5+ Kxh5 43. Kxf5 Nxg3+ 44. Ke6 Ne2 45. f5 Nf4+ 46. Ke5 Nd3+ 47. Ke4 c1Q 48. Rxc1 Nxc1 49. Ke5 Nd3+ 50. Ke6 Nf4+ 51. Ke7 Kg5 52. f6 Ng6+ 53. Ke6 h5 54. f7 h4 55. f8Q Nxf8+ 56. Ke5 Kg4 57. Ke4 Kg3 58. Ke3 h3 59. Ke2 Kg2 0-1

[Event "Titled Tuesday intern op 11th Jul Early"]
[Site "Chess.com INT"]
[Date "2023.07.11"]
[Round "3"]
[White "Domingo Nunez, Alejandro"]
[Black "Nithyalakshmi, Sivanesan"]
[Result "1-0"]
[WhiteElo "2338"]
[BlackElo "1889"]
[PlyCount "55"]
[EventDate "2023.07.11"]
[EventType "swiss (blitz)"]
[EventRounds "11"]
[EventCountry "USA"]
[SourceTitle "EXT 2024"]
[Source "ChessBase"]
[SourceDate "2023.10.10"]
[SourceVersion "1"]
[SourceVersionDate "2023.10.10"]
[SourceQuality "1"]

1. Nf3 Nf6 2. g3 c5 3. Bg2 Nc6 4. d4 cxd4 5. Nxd4 g6 6. 0-0 Bg7 7. c4 0-0 8. Nc3 a6 9. h3 Qc7 10. Be3 e6 11. Rc1 Qa5 12. Nb3 Qd8 13. Bc5 Re8 14. Na4 Bf8 15. Bxf8 Rxf8 16. Qd6 b5 17. Nac5 Ne8 18. Qd2 Qe7 19. Rfd1 bxc4 20. Rxc4 d5 21. Rcc1 Ne5 22. e4 Nc4 23. Qe2 Qf6 24. exd5 Qxb2 25. Qxc4 Nd6 26. Qc3 Qxa2 27. dxe6 Nb5 28. Qe3 1-0

[Event "Titled Tuesday intern op 11th Jul Early"]
[Site "Chess.com INT"]
[Date "2023.07.11"]
[Round "4"]
[White "Nithyalakshmi, Sivanesan"]
[Black "Moskvin, Anatoly"]
[Result "0-1"]
[WhiteElo "1889"]
[BlackElo "2189"]
[PlyCount "56"]
[EventDate "2023.07.11"]
[EventType "swiss (blitz)"]
[EventRounds "11"]
[EventCountry "USA"]
[SourceTitle "EXT 2024"]
[Source "ChessBase"]
[SourceDate "2023.10.10"]
[SourceVersion "1"]
[SourceVersionDate "2023.10.10"]
[SourceQuality "1"]

1. e4 e5 2. Nf3 Nc6 3. d4 exd4 4. Nxd4 Bc5 5. Nb3 Bb6 6. Nc3 Nge7 7. Qe2 0-0 8. Be3 d6 9. 0-0-0 f5 10. f4 fxe4 11. g3 Nf5 12. Bxb6 axb6 13. Qxe4 Re8 14. Qf3 Be6 15. Bb5 Kh8 16. Kb1 Qf6 17. Bxc6 bxc6 18. Qxc6 Ne3 19. Rd2 Bxb3 20. axb3 Qf5 21. Qb5 Qg6 22. Nd5 Ra5 23. Qc6 Rc5 24. Qb7 Nxd5 25. Rxd5 Qxc2+ 26. Ka1 Rxd5 27. Qxd5 c6 28. Qd1 Ra8# 0-1

[Event "Titled Tuesday intern op 11th Jul Early"]
[Site "Chess.com INT"]
[Date "2023.07.11"]
[Round "8"]
[White "Postlmayer, Jakob"]
[Black "Nithyalakshmi, Sivanesan"]
[Result "1-0"]
[WhiteElo "2347"]
[BlackElo "1889"]
[PlyCount "55"]
[EventDate "2023.07.11"]
[EventType "swiss (blitz)"]
[EventRounds "11"]
[EventCountry "USA"]
[SourceTitle "EXT 2024"]
[Source "ChessBase"]
[SourceDate "2023.10.10"]
[SourceVersion "1"]
[SourceVersionDate "2023.10.10"]
[SourceQuality "1"]

1. d4 Nf6 2. c4 c5 3. d5 b5 4. cxb5 a6 5. e3 e6 6. Nc3 exd5 7. Nxd5 Bb7 8. Nxf6+ Qxf6 9. Nf3 Be7 10. Be2 0-0 11. 0-0 axb5 12. Bxb5 d5 13. a4 Nc6 14. Qxd5 Rad8 15. Qh5 Nb4 16. a5 Rd5 17. Qg4 h5 18. Qe4 Bd6 19. a6 Ba8 20. Qh4 Qg6 21. e4 Rd3 22. Qg5 Qxe4 23. Be3 Nc2 24. Ra4 c4 25. Rxc4 Nd4 26. Rxd4 Rxd4 27. Bxd4 f6 28. Bc4+ 1-0

[Event "Titled Tuesday intern op 11th Jul Early"]
[Site "Chess.com INT"]
[Date "2023.07.11"]
[Round "11"]
[White "Sebag, Marie"]
[Black "Nithyalakshmi, Sivanesan"]
[Result "1-0"]
[WhiteElo "2429"]
[BlackElo "1889"]
[PlyCount "41"]
[EventDate "2023.07.11"]
[EventType "swiss (blitz)"]
[EventRounds "11"]
[EventCountry "USA"]
[SourceTitle "EXT 2024"]
[Source "ChessBase"]
[SourceDate "2023.10.10"]
[SourceVersion "1"]
[SourceVersionDate "2023.10.10"]
[SourceQuality "1"]

1. d4 Nf6 2. c4 c5 3. d5 b5 4. cxb5 a6 5. e3 e6 6. Nc3 exd5 7. Nxd5 Bb7 8. e4 axb5 9. Nf3 Be7 10. Nxf6+ Bxf6 11. e5 Qe7 12. Bxb5 Bxe5 13. 0-0 0-0 14. Re1 d6 15. Bf4 Nc6 16. Bxc6 Bxc6 17. Bxe5 Bxf3 18. Bxd6 Bxd1 19. Bxe7 Rfe8 20. Raxd1 Ra7 21. Bxc5 1-0

[Event "Titled Tuesday intern op 04th Jul Early"]
[Site "Chess.com INT"]
[Date "2023.07.04"]
[Round "4"]
[White "Besou, Hussain"]
[Black "Nithyalakshmi, Sivanesan"]
[Result "1-0"]
[WhiteElo "2348"]
[BlackElo "1889"]
[PlyCount "59"]
[EventDate "2023.07.04"]
[EventType "swiss (blitz)"]
[EventRounds "11"]
[EventCountry "USA"]
[SourceTitle "EXT 2024"]
[Source "ChessBase"]
[SourceDate "2023.10.10"]
[SourceVersion "1"]
[SourceVersionDate "2023.10.10"]
[SourceQuality "1"]

1. d4 Nf6 2. c4 c5 3. d5 b5 4. cxb5 g6 5. Nc3 a6 6. e4 d6 7. bxa6 Bg7 8. Nf3 Qa5 9. Bd2 Bxa6 10. Bxa6 Qxa6 11. Qe2 0-0 12. Qxa6 Rxa6 13. Ke2 Nbd7 14. a4 Rb8 15. Rhb1 Ng4 16. h3 Nge5 17. Nxe5 Nxe5 18. b3 Nd7 19. Ra2 Nb6 20. a5 Nd7 21. Na4 c4 22. b4 Ne5 23. Nc3 Nd3 24. b5 Bxc3 25. bxa6 Rb2 26. Raxb2 Bxb2 27. a7 c3 28. a8Q+ Kg7 29. Kxd3 cxd2 30. Kxd2 1-0

[Event "Titled Tuesday intern op 04th Jul Early"]
[Site "Chess.com INT"]
[Date "2023.07.04"]
[Round "2"]
[White "Nithyalakshmi, Sivanesan"]
[Black "Dubnevych, Maksym"]
[Result "1-0"]
[WhiteElo "1889"]
[BlackElo "2251"]
[PlyCount "67"]
[EventDate "2023.07.04"]
[EventType "swiss (blitz)"]
[EventRounds "11"]
[EventCountry "USA"]
[SourceTitle "EXT 2024"]
[Source "ChessBase"]
[SourceDate "2023.10.10"]
[SourceVersion "1"]
[SourceVersionDate "2023.10.10"]
[SourceQuality "1"]

1. e4 c5 2. Nc3 d6 3. f4 g6 4. Bc4 Bg7 5. Nf3 e6 6. 0-0 Nc6 7. d4 cxd4 8. Nb5 Nge7 9. Bb3 0-0 10. Nbxd4 Nxd4 11. Nxd4 b6 12. Kh1 Bb7 13. Qd3 a6 14. f5 exf5 15. exf5 Nd5 16. c3 Be5 17. Qh3 Ne7 18. Bh6 Bd5 19. f6 Bxf6 20. Rxf6 Re8 21. Raf1 Ra7 22. Bg5 Bxb3 23. axb3 Nd5 24. R6f5 Qd7 25. Rxd5 Qb7 26. Rdf5 Qe4 27. R5f3 Qe1 28. g3 Qe4 29. Qg2 Qd5 30. Bf6 a5 31. Qh3 Qe4 32. Qh6 Qxf3+ 33. Nxf3 Re1 34. Qg7# 1-0

[Event "Titled Tuesday intern op 04th Jul Early"]
[Site "Chess.com INT"]
[Date "2023.07.04"]
[Round "7"]
[White "Nithyalakshmi, Sivanesan"]
[Black "Vovk, Orest"]
[Result "0-1"]
[WhiteElo "1889"]
[BlackElo "2315"]
[PlyCount "52"]
[EventDate "2023.07.04"]
[EventType "swiss (blitz)"]
[EventRounds "11"]
[EventCountry "USA"]
[SourceTitle "EXT 2024"]
[Source "ChessBase"]
[SourceDate "2023.10.10"]
[SourceVersion "1"]
[SourceVersionDate "2023.10.10"]
[SourceQuality "1"]

1. e4 g5 2. d4 g4 3. Qxg4 d5 4. Qf3 dxe4 5. Qxe4 Nf6 6. Qd3 Nc6 7. Nf3 Bg4 8. c3 Qd5 9. Be2 0-0-0 10. h3 Bh5 11. Bf4 Rg8 12. g4 Bg6 13. Qc4 Bxb1 14. Rxb1 Qe4 15. Rd1 Qxf4 16. Qxf7 Bh6 17. Qe6+ Kb8 18. b4 Qd6 19. Qb3 Nd5 20. Bc4 e6 21. a4 Qf4 22. Be2 Qe4 23. Kf1 Nf4 24. Qb2 Rdf8 25. b5 Ne7 26. Re1 Nxe2 0-1

[Event "Titled Tuesday intern op 04th Jul Early"]
[Site "Chess.com INT"]
[Date "2023.07.04"]
[Round "5"]
[White "Shuvalova, Polina"]
[Black "Nithyalakshmi, Sivanesan"]
[Result "0-1"]
[WhiteElo "2496"]
[BlackElo "1889"]
[PlyCount "170"]
[EventDate "2023.07.04"]
[EventType "swiss (blitz)"]
[EventRounds "11"]
[EventCountry "USA"]
[SourceTitle "EXT 2024"]
[Source "ChessBase"]
[SourceDate "2023.10.10"]
[SourceVersion "1"]
[SourceVersionDate "2023.10.10"]
[SourceQuality "1"]

1. Nf3 Nf6 2. d4 c5 3. d5 d6 4. c4 b5 5. cxb5 a6 6. bxa6 Bxa6 7. Nc3 g6 8. e4 Bxf1 9. Kxf1 Bg7 10. g3 0-0 11. Kg2 Nbd7 12. a4 Ra6 13. Re1 Qa8 14. Ra2 Rb8 15. Qe2 Ne8 16. Bg5 f6 17. Be3 Rb3 18. Nd2 Rb7 19. Nc4 Nc7 20. Qd3 Rb3 21. Nd2 Rb4 22. Rea1 Qb7 23. b3 f5 24. f3 Nf6 25. a5 fxe4 26. fxe4 Ng4 27. Bg1 Ne5 28. Qc2 Ra8 29. Ra4 Na6 30. Nc4 Nxc4 31. Rxb4 Nxb4 32. Qc1 Ne5 33. Qc2 Qa6 34. Qd2 Qd3 35. Qxd3 Nexd3 36. a6 Bxc3 37. Ra5 Rxa6 38. Rb5 Ra2+ 39. Kh3 Kf7 40. Be3 Ne5 41. Rb7 Nf3 42. Kg4 Nxh2+ 43. Kh3 Nf3 44. Kg4 h5+ 45. Kf4 Ne5 46. Kg5 Nbd3 47. Kh6 Rg2 48. Bg5 Rxg3 49. Rxe7+ Kf8 50. Re6 Nf7+ 51. Kxg6 Nxg5 52. Kh6 Nxe4 53. Rxe4 h4 54. Rxh4 Bg7+ 55. Kh5 Ne5 56. Re4 Rf3 57. Re1 Rf5+ 58. Kh4 Bf6+ 59. Kg3 Rg5+ 60. Kf2 Rf5+ 61. Ke3 Kf7 62. Rh1 Rg5 63. Rh7+ Rg7 64. Rh5 Rg3+ 65. Ke2 Rxb3 66. Rh7+ Kg6 67. Rc7 Kf5 68. Rc8 Ke4 69. Kd2 Rb2+ 70. Kc3 Rb5 71. Kc2 Nc4 72. Rf8 Rb2+ 73. Kc1 Bd4 74. Rf1 Kd3 75. Rf3+ Ne3 76. Rf4 Rc2+ 77. Kb1 Kc3 78. Rf3 Kd3 79. Rf4 c4 80. Rf1 c3 81. Rd1+ Nxd1 82. Ka1 Rc1+ 83. Ka2 c2 84. Kb3 Rb1+ 85. Ka4 c1Q 0-1

[Event "Titled Tuesday intern op 27th Jun Early"]
[Site "Chess.com INT"]
[Date "2023.06.27"]
[Round "3"]
[White "Zavgorodniy, Sergiy"]
[Black "Nithyalakshmi, Sivanesan"]
[Result "1-0"]
[WhiteElo "2416"]
[BlackElo "1889"]
[PlyCount "77"]
[EventDate "2023.06.27"]
[EventType "swiss (blitz)"]
[EventRounds "11"]
[EventCountry "USA"]
[SourceTitle "EXT 2024"]
[Source "ChessBase"]
[SourceDate "2023.10.10"]
[SourceVersion "1"]
[SourceVersionDate "2023.10.10"]
[SourceQuality "1"]

1. d4 Nf6 2. c4 g6 3. Nc3 d5 4. cxd5 Nxd5 5. e4 Nxc3 6. bxc3 Bg7 7. Nf3 c5 8. Be3 Nc6 9. Qd2 Bg4 10. d5 Bxf3 11. gxf3 Ne5 12. Be2 b6 13. f4 Nd7 14. e5 0-0 15. c4 e6 16. Rd1 exd5 17. cxd5 Qe7 18. 0-0 g5 19. fxg5 Nxe5 20. f4 Nd7 21. Rfe1 Rfe8 22. Bf2 Qd6 23. Bb5 f6 24. Re6 Qc7 25. d6 Qb7 26. Re7 Rad8 27. Bxd7 Rxd7 28. Rxe8+ Kf7 29. Re7+ Rxe7 30. dxe7 Qxe7 31. Qd7 fxg5 32. Qxe7+ Kxe7 33. fxg5 Ke6 34. h4 Be5 35. h5 Kf5 36. Rd5 Ke4 37. Rd7 Bf4 38. g6 hxg6 39. hxg6 1-0

[Event "Titled Tuesday intern op 20th Jun Early"]
[Site "Chess.com INT"]
[Date "2023.06.20"]
[Round "5"]
[White "Nithyalakshmi, Sivanesan"]
[Black "Eilers, Stefan"]
[Result "1-0"]
[WhiteElo "1889"]
[BlackElo "2300"]
[PlyCount "91"]
[EventDate "2023.06.20"]
[EventType "swiss (blitz)"]
[EventRounds "11"]
[EventCountry "USA"]
[SourceTitle "EXT 2024"]
[Source "ChessBase"]
[SourceDate "2023.10.10"]
[SourceVersion "1"]
[SourceVersionDate "2023.10.10"]
[SourceQuality "1"]

1. e4 d6 2. Nc3 Nf6 3. Bc4 c6 4. d3 e5 5. f4 Be7 6. Nf3 Nbd7 7. 0-0 0-0 8. Qe1 exf4 9. Bxf4 b5 10. Bb3 a5 11. a3 Nc5 12. Ba2 Bg4 13. d4 Ne6 14. Be3 b4 15. axb4 axb4 16. Ne2 Nxe4 17. Nf4 d5 18. Ne5 Qc8 19. Nxg4 Nxf4 20. Rxf4 Bg5 21. Rxe4 dxe4 22. Bxg5 Qxg4 23. Be3 h6 24. Qf1 Kh7 25. Bc4 Rxa1 26. Qxa1 f5 27. h3 Qg3 28. Bf2 Qd6 29. Qe1 Re8 30. c3 f4 31. Kh1 e3 32. Bg1 bxc3 33. Qb1+ Kh8 34. bxc3 f3 35. gxf3 Qg3 36. Qf5 e2 37. Bd3 g6 38. Qf6+ Kg8 39. Bc4+ Kh7 40. Qf7+ Kh8 41. Qxe8+ Kh7 42. Qf7+ Kh8 43. Qf8+ Kh7 44. Bg8+ Kh8 45. Bf7+ Kh7 46. Qg8# 1-0

[Event "Titled Tuesday intern op 20th Jun Early"]
[Site "Chess.com INT"]
[Date "2023.06.20"]
[Round "10"]
[White "Nithyalakshmi, Sivanesan"]
[Black "Ismayil, Malak"]
[Result "0-1"]
[WhiteElo "1889"]
[BlackElo "2158"]
[PlyCount "120"]
[EventDate "2023.06.20"]
[EventType "swiss (blitz)"]
[EventRounds "11"]
[EventCountry "USA"]
[SourceTitle "EXT 2024"]
[Source "ChessBase"]
[SourceDate "2023.10.10"]
[SourceVersion "1"]
[SourceVersionDate "2023.10.10"]
[SourceQuality "1"]

1. e4 e5 2. Nf3 Nc6 3. d4 exd4 4. Nxd4 Bc5 5. Nb3 Bb6 6. Nc3 d6 7. Qe2 Nf6 8. Be3 Be6 9. 0-0-0 Qe7 10. f3 Ne5 11. Kb1 Nc4 12. Bxb6 axb6 13. g4 Na5 14. g5 Nd7 15. Nd5 Bxd5 16. Rxd5 Nxb3 17. cxb3 Ne5 18. f4 Nc6 19. a3 0-0-0 20. Bg2 Rhe8 21. Rc1 Kb8 22. Qb5 Qd7 23. Rd3 Ne7 24. Qc4 Ng6 25. e5 Qe7 26. Qd5 c6 27. exd6 cxd5 28. dxe7 Nxe7 29. Bh3 Nc6 30. Rcd1 d4 31. Bg2 Re3 32. Bxc6 Rxd3 33. Rxd3 bxc6 34. Rh3 Rh8 35. Kc2 Kc7 36. Kd3 c5 37. b4 Kc6 38. Kc4 b5+ 39. Kd3 h6 40. bxc5 Kxc5 41. Rg3 h5 42. f5 Re8 43. Rh3 Re5 44. Rxh5 Rxf5 45. Rh4 Rf3+ 46. Ke4 Rb3 47. Rh7 Rxb2 48. Rxg7 Re2+ 49. Kd3 Re3+ 50. Kd2 Rxa3 51. Rxf7 Rh3 52. Rf2 Ra3 53. g6 Ra2+ 54. Ke1 Ra1+ 55. Ke2 Rg1 56. Rf5+ Kc4 57. Rf6 d3+ 58. Kd2 Rg2+ 59. Ke3 d2 60. Rf1 Kc3 0-1

[Event "Titled Tuesday intern op 20th Jun Early"]
[Site "Chess.com INT"]
[Date "2023.06.20"]
[Round "3"]
[White "Nithyalakshmi, Sivanesan"]
[Black "Vega Gutierrez, Sabrina Neide"]
[Result "1-0"]
[WhiteElo "1889"]
[BlackElo "2377"]
[PlyCount "77"]
[EventDate "2023.06.20"]
[EventType "swiss (blitz)"]
[EventRounds "11"]
[EventCountry "USA"]
[SourceTitle "EXT 2024"]
[Source "ChessBase"]
[SourceDate "2023.10.10"]
[SourceVersion "1"]
[SourceVersionDate "2023.10.10"]
[SourceQuality "1"]

1. e4 c5 2. Nc3 Nc6 3. Bb5 Nd4 4. Nf3 a6 5. Bd3 Nc6 6. 0-0 e6 7. b3 Nge7 8. Bb2 Ng6 9. g3 Be7 10. Re1 0-0 11. Bf1 d5 12. exd5 exd5 13. d4 Bg4 14. dxc5 Bxc5 15. h3 Be6 16. Na4 Ba7 17. Bg2 Qc7 18. Nd4 b5 19. Nxc6 Qxc6 20. Nc3 Rad8 21. Ne2 Qd7 22. h4 d4 23. Nc1 Bg4 24. Qd2 Rfe8 25. Nd3 Qf5 26. Rxe8+ Rxe8 27. Re1 Rxe1+ 28. Qxe1 h6 29. Qe4 Qc8 30. Bxd4 Bxd4 31. Qxd4 Qxc2 32. Nb4 Qb1+ 33. Kh2 h5 34. Nxa6 Qxa2 35. Nc5 Qe2 36. Nd7 Kh7 37. Nc5 Ne7 38. Qd3+ Qxd3 39. Nxd3 1-0